[Event "SVK-chT2C 2324"]
[Site "Slovakia"]
[Date "2024.03.17"]
[Round "11.8"]
[White "Pauco, Vladimir"]
[Black "Sykora, Milan1"]
[Result "1-0"]
[WhiteElo "1802"]
[BlackElo "1678"]
[PlyCount "65"]
[EventDate "2023.10.07"]
[EventType "team-tourn"]
[EventRounds "11"]
[EventCountry "SVK"]
[SourceTitle "EXT 2025"]
[Source "ChessBase"]
[SourceDate "2024.10.14"]
[SourceVersion "1"]
[SourceVersionDate "2024.10.14"]
[SourceQuality "1"]
[WhiteTeam "Detva"]
[BlackTeam "Zilina DMS"]
[WhiteTeamCountry "SVK"]
[BlackTeamCountry "SVK"]

1. e4 c5 2. Nf3 d6 3. d4 cxd4 4. Nxd4 Nf6 5. Nc3 a6 6. g3 e5 7. Nb3 Be7 8. Bg2 0-0 9. Bg5 Nc6 10. Bxf6 Bxf6 11. Nd5 Be6 12. c4 Bxd5 13. cxd5 Nd4 14. Nxd4 exd4 15. 0-0 Rc8 16. Qd3 b5 17. Rfc1 Rxc1+ 18. Rxc1 Qb8 19. Rc6 Rc8 20. Rxa6 b4 21. Bf1 g6 22. Ra5 Rc7 23. Qb3 Rb7 24. Qa4 Kg7 25. Ra8 Qc7 26. Qe8 Kh6 27. b3 Ra7 28. Rxa7 Qxa7 29. Qf8+ Bg7 30. Qxd6 Qxa2 31. Qf4+ g5 32. Qxf7 Qxb3 33. g4 1-0

[Event "SVK-chT2C 2223"]
[Site "Slovakia"]
[Date "2022.11.12"]
[Round "3.6"]
[White "Marcinek, Michal"]
[Black "Pauco, Vladimir"]
[Result "1-0"]
[WhiteElo "1843"]
[BlackElo "1819"]
[PlyCount "105"]
[EventDate "2022.10.08"]
[EventType "team-tourn"]
[EventRounds "11"]
[EventCountry "SVK"]
[SourceTitle "EXT 2024"]
[Source "ChessBase"]
[SourceDate "2023.10.10"]
[SourceVersion "1"]
[SourceVersionDate "2023.10.10"]
[SourceQuality "1"]
[WhiteTeam "Zilina Mladost IV"]
[BlackTeam "Detva"]
[WhiteTeamCountry "SVK"]
[BlackTeamCountry "SVK"]

1. d4 Nf6 2. c4 e5 3. dxe5 Ne4 4. Nf3 Bb4+ 5. Nbd2 Nc6 6. a3 Nxd2 7. Bxd2 Bxd2+ 8. Qxd2 Qe7 9. Qc3 b6 10. e3 Bb7 11. Be2 0-0-0 12. 0-0-0 f6 13. exf6 gxf6 14. Rhg1 Rhg8 15. g3 Ne5 16. Nxe5 fxe5 17. f3 Rg6 18. Kb1 d5 19. cxd5 Bxd5 20. e4 Bb7 21. Rxd8+ Kxd8 22. Rd1+ Kc8 23. Bb5 Rd6 24. Rxd6 Qxd6 25. Qd3 Qe7 26. Ba6 Bxa6 27. Qxa6+ Kb8 28. Qd3 Kb7 29. f4 c6 30. f5 Kc7 31. Qf3 Qf6 32. Qh5 b5 33. Qxh7+ Kb6 34. Qd7 a5 35. h4 a4 36. Qd1 Kc5 37. Qe1 Kb6 38. g4 c5 39. g5 Qd6 40. g6 b4 41. g7 Qd3+ 42. Ka1 Qc4 43. axb4 cxb4 44. g8Q Qxg8 45. Qxb4+ Kc7 46. Qc5+ Kb8 47. Qxe5+ Ka7 48. f6 Qb3 49. Qd5 Qf3 50. f7 a3 51. Qa5+ Kb7 52. Qb4+ Kc6 53. Qc3+ 1-0

[Event "SVK-chT2C 2122"]
[Site "Slovakia"]
[Date "2022.03.05"]
[Round "5.5"]
[White "Pauco, Vladimir"]
[Black "Ballo, Rene"]
[Result "1-0"]
[WhiteElo "1819"]
[BlackElo "1877"]
[PlyCount "81"]
[EventDate "2021.10.16"]
[EventType "team-tourn"]
[EventRounds "11"]
[EventCountry "SVK"]
[SourceTitle "EXT 2023"]
[Source "ChessBase"]
[SourceDate "2022.10.05"]
[SourceVersion "1"]
[SourceVersionDate "2022.10.05"]
[SourceQuality "1"]
[WhiteTeam "Detva"]
[BlackTeam "Filakovo"]
[WhiteTeamCountry "SVK"]
[BlackTeamCountry "SVK"]

1. d4 c5 2. Nf3 d5 3. Bf4 cxd4 4. Bxb8 Qa5+ 5. c3 Rxb8 6. Qxd4 Nf6 7. Nbd2 Bf5 8. Qf4 Rc8 9. Qxf5 e6 10. Qd3 b5 11. e3 a6 12. Be2 Bd6 13. Nd4 g6 14. 0-0 Qc7 15. f4 g5 16. g3 h6 17. Rf2 g4 18. e4 Bc5 19. e5 Nd7 20. Bxg4 h5 21. Bh3 Ke7 22. N2f3 Rcg8 23. Re1 Ba7 24. f5 Nc5 25. Qc2 Ne4 26. Rxe4 dxe4 27. Qxe4 h4 28. g4 b4 29. Nc6+ Ke8 30. Nxa7 Qxa7 31. fxe6 fxe6 32. Qc6+ Qd7 33. Qxa6 bxc3 34. bxc3 Rf8 35. Rd2 Rxf3 36. Rxd7 Kxd7 37. Qb7+ Ke8 38. Qxf3 Rf8 39. Qc6+ Ke7 40. g5 Rf1+ 41. Kxf1 1-0

[Event "SVK-chT2C 1920"]
[Site "Slovakia"]
[Date "2020.01.26"]
[Round "7.7"]
[White "Szabo, Ladislav1"]
[Black "Pauco, Vladimir"]
[Result "0-1"]
[WhiteElo "1510"]
[BlackElo "1819"]
[PlyCount "43"]
[EventDate "2019.10.26"]
[EventType "team-tourn"]
[EventRounds "11"]
[EventCountry "SVK"]
[SourceTitle "CBM 194 Extra"]
[Source "ChessBase"]
[SourceDate "2020.03.31"]
[SourceVersion "1"]
[SourceVersionDate "2020.03.31"]
[SourceQuality "1"]
[WhiteTeam "Vinica"]
[BlackTeam "Detva"]
[WhiteTeamCountry "SVK"]
[BlackTeamCountry "SVK"]

1. e4 e6 2. c4 b6 3. Nc3 Bb7 4. a3 d5 5. cxd5 exd5 6. exd5 Nf6 7. Bb5+ Nbd7 8. Bc6 Bxc6 9. dxc6 Nc5 10. b4 Nd3+ 11. Kf1 Be7 12. Nf3 0-0 13. Ne1 a5 14. b5 Nxc1 15. Qxc1 Bc5 16. h3 Qd4 17. Nd1 Ne4 18. Ne3 Nxd2+ 19. Kg1 Nb3 20. Nf3 Qxa1 21. Qxa1 Nxa1 22. a4 0-1

[Event "SVK-chT2C 1920"]
[Site "Slovakia"]
[Date "2019.12.14"]
[Round "5.6"]
[White "Grec, Jan Alexander"]
[Black "Pauco, Vladimir"]
[Result "1-0"]
[WhiteElo "1844"]
[BlackElo "1819"]
[PlyCount "70"]
[EventDate "2019.10.26"]
[EventType "team-tourn"]
[EventRounds "11"]
[EventCountry "SVK"]
[SourceTitle "CBM 194 Extra"]
[Source "ChessBase"]
[SourceDate "2020.03.31"]
[SourceVersion "1"]
[SourceVersionDate "2020.03.31"]
[SourceQuality "1"]
[WhiteTeam "Filakovo"]
[BlackTeam "Detva"]
[WhiteTeamCountry "SVK"]
[BlackTeamCountry "SVK"]

1. c4 Nf6 2. Nc3 d6 3. g3 g6 4. Bg2 Bg7 5. d4 Nbd7 6. Nf3 0-0 7. 0-0 a6 8. Rb1 e5 9. e4 c5 10. dxc5 dxc5 11. Qe2 Qc7 12. Rd1 Re8 13. Bg5 h6 14. Bxf6 Nxf6 15. Nd5 Nxd5 16. cxd5 Qd6 17. a4 Bg4 18. h3 Bxf3 19. Bxf3 Rac8 20. Qc4 Bf8 21. Rd3 h5 22. Rb3 Rb8 23. Be2 Be7 24. Rf1 b5 25. axb5 axb5 26. Rxb5 Rxb5 27. Qxb5 Rb8 28. Qd3 Rxb2 29. f4 Rb4 30. Qf3 exf4 31. gxf4 Qb6 32. Kh2 Rb3 33. Qf2 Qb4 34. e5 Qc3 35. Qg2 Qd4 1-0

[Event "SVK-chT2C 1920"]
[Site "Slovakia"]
[Date "2019.11.16"]
[Round "3.6"]
[White "Druska, Robert"]
[Black "Pauco, Vladimir"]
[Result "1/2-1/2"]
[WhiteElo "1877"]
[BlackElo "1819"]
[PlyCount "29"]
[EventDate "2019.10.26"]
[EventType "team-tourn"]
[EventRounds "11"]
[EventCountry "SVK"]
[SourceTitle "CBM 193 Extra"]
[Source "ChessBase"]
[SourceDate "2020.01.31"]
[SourceVersion "1"]
[SourceVersionDate "2020.01.31"]
[SourceQuality "1"]
[WhiteTeam "Ruzomberok Montana"]
[BlackTeam "Detva"]
[WhiteTeamCountry "SVK"]
[BlackTeamCountry "SVK"]

1. e4 Nf6 2. e5 Nd5 3. Nf3 d6 4. Bc4 Nb6 5. Bxf7+ Kxf7 6. Ng5+ Kg8 7. Qf3 Qe8 8. e6 Bxe6 9. Nxe6 Qc8 10. Ng5 Qe8 11. Nc3 Nc6 12. 0-0 e5 13. Nd5 Nd4 14. Qe4 Qg6 15. Qxg6 1/2-1/2

[Event "SVK-chT2C 1920"]
[Site "Slovakia"]
[Date "2019.10.26"]
[Round "1.7"]
[White "Tomcik, Michal"]
[Black "Pauco, Vladimir"]
[Result "1-0"]
[WhiteElo "1930"]
[BlackElo "1815"]
[PlyCount "93"]
[EventDate "2019.10.26"]
[EventType "team-tourn"]
[EventRounds "11"]
[EventCountry "SVK"]
[SourceTitle "CBM 193 Extra"]
[Source "ChessBase"]
[SourceDate "2020.01.31"]
[SourceVersion "1"]
[SourceVersionDate "2020.01.31"]
[SourceQuality "1"]
[WhiteTeam "Ondrasova Krivan"]
[BlackTeam "Detva"]
[WhiteTeamCountry "SVK"]
[BlackTeamCountry "SVK"]

1. e4 d5 2. exd5 Qxd5 3. Nc3 Qd6 4. d4 Nf6 5. Nf3 c6 6. h3 Bf5 7. Bc4 e6 8. Ne5 Be7 9. Bf4 Qd8 10. 0-0 0-0 11. Re1 Nbd7 12. g4 Bg6 13. Nxg6 hxg6 14. Ne4 Nb6 15. Bb3 Nbd5 16. Be5 Nd7 17. Bg3 N7f6 18. Qf3 Nxe4 19. Qxe4 Bd6 20. Bxd6 Qxd6 21. Rad1 Rad8 22. Rd3 Nf4 23. Rf3 g5 24. c3 Nd5 25. Bc2 g6 26. Qe5 Qe7 27. h4 gxh4 28. g5 Nc7 29. Bb3 Qd6 30. Qe4 Ne8 31. Qxh4 Ng7 32. Qh6 Nf5 33. Qh3 Kg7 34. Rxf5 exf5 35. Qh6+ Kg8 36. Re3 Qf4 37. Rh3 Qg4+ 38. Kf1 Qxh3+ 39. Qxh3 Rd6 40. Qe3 Rfd8 41. Qe7 R8d7 42. Qe8+ Kg7 43. Kg2 b6 44. Kf3 a5 45. a3 b5 46. Kf4 a4 47. Ba2 1-0

[Event "SVK-chT2C 1213"]
[Site "Slovakia"]
[Date "2012.12.16"]
[Round "6.4"]
[White "Pauco, Vladimir"]
[Black "Bucha, Hubert"]
[Result "1/2-1/2"]
[WhiteElo "1891"]
[BlackElo "2070"]
[PlyCount "84"]
[EventDate "2012.10.13"]
[EventType "team-tourn"]
[EventRounds "11"]
[EventCountry "SVK"]
[SourceTitle "EXT 2015"]
[Source "ChessBase"]
[SourceDate "2014.11.20"]
[SourceVersion "1"]
[SourceVersionDate "2014.11.20"]
[SourceQuality "1"]
[WhiteTeam "Detva Garde"]
[BlackTeam "Zvolen Slavia"]
[WhiteTeamCountry "SVK"]
[BlackTeamCountry "SVK"]

1. e4 d6 2. Bc4 Nf6 3. d3 c6 4. Bb3 e5 5. Bg5 Be7 6. Bxf6 Bxf6 7. h3 Nd7 8. a3 Nc5 9. Ba2 Be6 10. b4 Bxa2 11. Rxa2 Ne6 12. Ne2 0-0 13. Nd2 a5 14. bxa5 Qxa5 15. 0-0 b5 16. Nb3 Qa7 17. Ng3 g6 18. Kh1 Bg7 19. Ne2 f5 20. f3 f4 21. c3 Qf7 22. Qc2 Ra4 23. Rfa1 d5 24. Nd2 Qa7 25. Ng1 Ra8 26. exd5 cxd5 27. Rb1 Qc5 28. Qb3 R4a5 29. Ne4 Qc6 30. Nf2 Nc5 31. Qc2 Rxa3 32. Rxa3 Rxa3 33. c4 bxc4 34. dxc4 d4 35. Ne4 Nxe4 36. fxe4 Rc3 37. Qa2 Qxc4 38. Rb8+ Bf8 39. Qa8 Qc5 40. Qa2+ Qc4 41. Qa8 Qc5 42. Qa2+ Qc4 1/2-1/2

[Event "SVK-chT2C 1213"]
[Site "Slovakia"]
[Date "2012.12.01"]
[Round "3.3"]
[White "Pauco, Vladimir"]
[Black "Macko, Michal"]
[Result "0-1"]
[WhiteElo "1891"]
[BlackElo "2123"]
[PlyCount "100"]
[EventDate "2012.10.13"]
[EventType "team-tourn"]
[EventRounds "11"]
[EventCountry "SVK"]
[SourceTitle "EXT 2015"]
[Source "ChessBase"]
[SourceDate "2014.11.20"]
[SourceVersion "1"]
[SourceVersionDate "2014.11.20"]
[SourceQuality "1"]
[WhiteTeam "Detva Garde"]
[BlackTeam "Liptov Chess School II"]
[WhiteTeamCountry "SVK"]
[BlackTeamCountry "SVK"]

1. e4 c5 2. Nc3 Nc6 3. f4 e6 4. Bc4 a6 5. Bb3 Na5 6. d3 Nxb3 7. axb3 d6 8. Nf3 g6 9. 0-0 Bg7 10. Qe1 Ne7 11. Qh4 0-0 12. f5 exf5 13. Bg5 f6 14. Bh6 Be6 15. Bxg7 Kxg7 16. Rae1 Qd7 17. Ne2 Kh8 18. Qh6 Ng8 19. Qd2 d5 20. e5 Rae8 21. Nf4 d4 22. exf6 Rxf6 23. Ne5 Qd8 24. Nxe6 Rexe6 25. Nf7+ Rxf7 26. Rxe6 Kg7 27. Qf4 Qc7 28. g4 Qxf4 29. Rxf4 Nh6 30. gxf5 Nxf5 31. Rb6 Rc7 32. c3 Ne3 33. b4 Nd5 34. bxc5 Nxf4 35. cxd4 Ne2+ 36. Kf2 Nxd4 37. Ke3 Nf5+ 38. Ke4 Rxc5 39. Rxb7+ Kh6 40. b4 Rc2 41. Rb6 Rb2 42. Kd5 Kg5 43. Kc4 Ra2 44. Kb3 Rxh2 45. Rxa6 h5 46. b5 Re2 47. Kc4 h4 48. Ra1 h3 49. b6 Kf4 50. b7 Rb2 0-1

[Event "SVK-chT2C 1213"]
[Site "Slovakia"]
[Date "2012.10.13"]
[Round "1.5"]
[White "Puskar, Jan"]
[Black "Pauco, Vladimir"]
[Result "1/2-1/2"]
[WhiteElo "2011"]
[BlackElo "1891"]
[PlyCount "54"]
[EventDate "2012.10.13"]
[EventType "team-tourn"]
[EventRounds "11"]
[EventCountry "SVK"]
[SourceTitle "EXT 2015"]
[Source "ChessBase"]
[SourceDate "2014.11.20"]
[SourceVersion "1"]
[SourceVersionDate "2014.11.20"]
[SourceQuality "1"]
[WhiteTeam "Banska Bystrica Veza"]
[BlackTeam "Detva Garde"]
[WhiteTeamCountry "SVK"]
[BlackTeamCountry "SVK"]

1. c4 Nf6 2. d4 c5 3. Nf3 g6 4. Nc3 Bg7 5. d5 d6 6. e4 0-0 7. Be2 a6 8. a4 e6 9. 0-0 e5 10. Ne1 Ne8 11. g4 b6 12. Ng2 Ra7 13. Be3 f5 14. f3 Raf7 15. Qd2 f4 16. Bf2 Bxg4 17. fxg4 f3 18. Bh4 Qd7 19. h3 fxe2 20. Qxe2 Nc7 21. Bg5 a5 22. b3 Nba6 23. Ne3 Nb4 24. Rxf7 Rxf7 25. Kg2 Qe8 26. Rf1 h6 27. Rxf7 Kxf7 1/2-1/2

[Event "SVK-chT2C 1112"]
[Site "Slovakia"]
[Date "2011.11.06"]
[Round "4.4"]
[White "Pauco, Vladimir"]
[Black "Bucha, Hubert"]
[Result "0-1"]
[WhiteElo "2043"]
[BlackElo "2071"]
[PlyCount "68"]
[EventDate "2011.10.08"]
[EventType "team-tourn"]
[EventRounds "11"]
[EventCountry "SVK"]
[SourceTitle "EXT 2013"]
[Source "ChessBase"]
[SourceDate "2012.11.22"]
[SourceVersion "1"]
[SourceVersionDate "2012.11.22"]
[SourceQuality "1"]
[WhiteTeam "Podpolanie Detva"]
[BlackTeam "Zvolen Slavia"]
[WhiteTeamCountry "SVK"]
[BlackTeamCountry "SVK"]

1. e4 d6 2. d4 Nf6 3. Nc3 g6 4. Be2 Bg7 5. Be3 0-0 6. h4 h5 7. Qd2 a6 8. Bh6 b5 9. Bxg7 Kxg7 10. a3 c5 11. Bf3 e5 12. d5 Nbd7 13. Nge2 Nb6 14. Ng3 Nc4 15. Qc1 b4 16. Nd1 Bg4 17. a4 Rc8 18. b3 Na5 19. Ne3 Rh8 20. Bxg4 Nxg4 21. Nxg4 hxg4 22. h5 c4 23. h6+ Kh7 24. Qe3 cxb3 25. cxb3 Rc3 26. Qa7 Qc7 27. Qxc7 Rxc7 28. Ne2 Rc2 29. Rc1 Rhc8 30. Rb1 Ra2 31. Ng3 Nxb3 32. 0-0 Nd2 33. Rbc1 Rxc1 34. Rxc1 b3 0-1

[Event "Zilina Region-ch"]
[Site "Zilina"]
[Date "2011.05.08"]
[Round "5"]
[White "Pauco, Vladimir"]
[Black "Barca, Michal"]
[Result "1-0"]
[WhiteElo "2043"]
[BlackElo "1852"]
[PlyCount "35"]
[EventDate "2011.05.06"]
[EventType "swiss"]
[EventRounds "7"]
[EventCountry "SVK"]
[SourceTitle "EXT 2012"]
[Source "ChessBase"]
[SourceDate "2011.11.24"]
[SourceVersion "1"]
[SourceVersionDate "2011.11.24"]
[SourceQuality "1"]

1. e4 e5 2. f4 exf4 3. Nf3 d5 4. exd5 Qxd5 5. d4 Nf6 6. Bxf4 Bd6 7. Nc3 Qe6+ 8. Be5 0-0 9. Be2 Rd8 10. Bxd6 Qxd6 11. 0-0 c6 12. Bd3 Bg4 13. Ne4 Nxe4 14. Bxe4 Bxf3 15. Qxf3 Qxd4+ 16. Kh1 Rf8 17. Rad1 Qe5 18. Qxf7+ 1-0

[Event "SVK-chT2C 10/11"]
[Site "Slovakia"]
[Date "2011.03.06"]
[Round "9.4"]
[White "Pauco, Vladimir"]
[Black "Molnar, Lubomir"]
[Result "1-0"]
[WhiteElo "1958"]
[BlackElo "1945"]
[PlyCount "73"]
[EventDate "2010.10.23"]
[EventType "team-tourn"]
[EventRounds "11"]
[EventCountry "SVK"]
[SourceTitle "EXT 2019"]
[Source "ChessBase"]
[SourceDate "2018.10.10"]
[SourceVersion "1"]
[SourceVersionDate "2018.10.10"]
[SourceQuality "1"]
[WhiteTeam "Podpolanie"]
[BlackTeam "Dolny Kubin"]
[WhiteTeamCountry "SVK"]
[BlackTeamCountry "SVK"]

1. e4 c5 2. c3 Nf6 3. e5 Nd5 4. d4 cxd4 5. Qxd4 e6 6. Nf3 Nc6 7. Qe4 d6 8. Be2 Qc7 9. exd6 Bxd6 10. Nbd2 0-0 11. Nc4 Be7 12. 0-0 b6 13. Ne3 Nf6 14. Qh4 Bb7 15. Ng4 Nxg4 16. Qxg4 Ne5 17. Nxe5 Qxe5 18. Be3 Bd6 19. Qh3 Bc5 20. Bd3 g6 21. Rfe1 Qd5 22. Bh6 Rfd8 23. Be4 Qd7 24. Bxb7 Qxb7 25. Qh4 Be7 26. Qg4 Qc6 27. Re3 Rd5 28. Rh3 Rad8 29. Re1 Qd7 30. Rhe3 Rd1 31. h4 Rxe1+ 32. Rxe1 Qd5 33. a3 Qb3 34. Qe2 Bxh4 35. Qe5 f6 36. Qc7 Bxf2+ 37. Kh1 1-0

[Event "SVK-chT2C 10/11"]
[Site "Slovakia"]
[Date "2011.03.05"]
[Round "8.4"]
[White "Pauco, Vladimir"]
[Black "Mraz, Ondrej"]
[Result "1-0"]
[WhiteElo "1958"]
[BlackElo "1788"]
[PlyCount "67"]
[EventDate "2010.10.23"]
[EventType "team-tourn"]
[EventRounds "11"]
[EventCountry "SVK"]
[SourceTitle "EXT 2019"]
[Source "ChessBase"]
[SourceDate "2018.10.10"]
[SourceVersion "1"]
[SourceVersionDate "2018.10.10"]
[SourceQuality "1"]
[WhiteTeam "Podpolanie"]
[BlackTeam "Liptov Chess School II"]
[WhiteTeamCountry "SVK"]
[BlackTeamCountry "SVK"]

1. e4 e5 2. Nf3 Nc6 3. d4 exd4 4. c3 dxc3 5. Bc4 Nf6 6. 0-0 d6 7. Nxc3 Bg4 8. Qb3 Qd7 9. Bb5 Bxf3 10. gxf3 Be7 11. Nd5 0-0 12. Kh1 a6 13. Bxc6 bxc6 14. Nxe7+ Qxe7 15. Rg1 Kh8 16. Bg5 Qe5 17. Qe3 Rae8 18. Rg3 Qxb2 19. Rag1 Rg8 20. Rh3 Nd5 21. Qe1 f6 22. Bc1 Qe5 23. Qf1 Nf4 24. Rh4 Nh5 25. Bb2 Qxb2 26. Rxh5 Qd2 27. Qh3 h6 28. Rg6 Qc1+ 29. Kg2 Rb8 30. Qg4 Rb1 31. Qf5 Qf1+ 32. Kg3 Rb5 33. Rhxh6+ gxh6 34. Qxf6+ 1-0

[Event "SVK-chT2C 10/11"]
[Site "Slovakia"]
[Date "2011.02.05"]
[Round "6.3"]
[White "Salomons, Lorenzo"]
[Black "Pauco, Vladimir"]
[Result "1/2-1/2"]
[WhiteElo "1894"]
[BlackElo "1958"]
[PlyCount "27"]
[EventDate "2010.10.23"]
[EventType "team-tourn"]
[EventRounds "11"]
[EventCountry "SVK"]
[SourceTitle "EXT 2019"]
[Source "ChessBase"]
[SourceDate "2018.10.10"]
[SourceVersion "1"]
[SourceVersionDate "2018.10.10"]
[SourceQuality "1"]
[WhiteTeam "Banska Bystrica TH Junior "]
[BlackTeam "Podpolanie"]
[WhiteTeamCountry "SVK"]
[BlackTeamCountry "SVK"]

1. d4 Nf6 2. c4 e5 3. dxe5 Ne4 4. a3 d6 5. Nf3 Nc6 6. Bf4 g5 7. Bg3 Nxg3 8. hxg3 g4 9. Nh4 Nxe5 10. e4 Be6 11. Qc2 Qd7 12. Nd2 Bg7 13. 0-0-0 0-0-0 14. f4 1/2-1/2